Tree ferns

Bibliographic Details
Main Author: Large, M. F.
Other Authors: Braggins, J. E.
Format: Book
Published: Portland : Timber Press , 2004.
Subjects:

MARC

LEADER 00000cam a2200000 7i4500
001 0000003304
005 20050823.0
020 0 0 |a 0881926302 (hardcover) 
090 0 0 |a 587.3   |b LAR 
100 1 0 |a Large, M. F. 
245 1 0 |a Tree ferns   |c Mark F. Large & John E. Braggins. 
260 0 0 |a Portland :   |b Timber Press ,   |c 2004. 
300 |a 359 p. :   |b ill., maps ;   |c 27 cm. 
650 0 0 |a Ferns. 
700 1 1 |a Braggins, J. E. 
999 |a 0000006263   |b Monograph   |c Open Shelf   |e Default branch